Escrito de espresión [sic] de agravios : (Record no. 166759)
[ view plain ]
| 000 -LEADER | |
|---|---|
| campo de control de longitud fija | 00968nam a22001815i 4500 |
| 001 - NÚMERO DE CONTROL | |
| campo de control | 166759 |
| 003 - IDENTIFICADOR DE NÚMERO DE CONTROL | |
| campo de control | ES-MaACL |
| 005 - FECHA Y HORA DE LA ÚLTIMA TRANSACCIÓN | |
| campo de control | 20230906213409.0 |
| 008 - DATOS DE LONGITUD FIJA--INFORMACIÓN GENERAL | |
| campo de control de longitud fija | 050922s1867 sp | |||||||| ||spa d |
| 080 ## - NÚMERO DE LA CLASIFICACIÓN DECIMAL UNIVERSAL | |
| Número de la Clasificación Decimal Universal | 929 Carretero, Marcelina |
| 080 ## - NÚMERO DE LA CLASIFICACIÓN DECIMAL UNIVERSAL | |
| Número de la Clasificación Decimal Universal | 347.65(460.27 Chinchón)"18" |
| 100 1# - ENTRADA PRINCIPAL--NOMBRE DE PERSONA | |
| Nombre de persona | Ucelay, Enrique. |
| 9 (RLIN) | 133434 |
| 245 10 - MENCIÓN DEL TÍTULO | |
| Título | Escrito de espresión [sic] de agravios : |
| Resto del título | formulado a nombre de don Atenodoro Marcitllach, doña Tomasa Iglesias y D. Valerio Villalobos en el pleito pendiente ante la Sala Primera de la Real Audiencia de Madrid con don Luciano Marcitllach, don Ignacio María de la Peña y don Calixto Sagastume, sobre nulidad del testamento cerrado otorgado por Dª Marcelina Carretero / |
| Mención de responsabilidad, etc. | por el Licdo. D. Enrique Ucelay. |
| 260 ## - PUBLICACIÓN, DISTRIBUCIÓN, ETC. | |
| Lugar de publicación, distribución, etc. | Madrid : |
| Nombre del editor, distribuidor, etc. | [s.n.], |
| Fecha de publicación, distribución, etc. | 1867 ( |
| Fabricante | Imp. de C. Moliner y Compañía) |
| 300 ## - DESCRIPCIÓN FÍSICA | |
| Extensión | 54 p. ; |
| Dimensiones | 22 cm. |
| 650 ## - PUNTO DE ACCESO ADICIONAL DE MATERIA--TÉRMINO DE MATERIA | |
| Término de materia o nombre geográfico como elemento de entrada | Juicios hereditarios. |
| 9 (RLIN) | 176209 |
| 852 4# - LOCALIZACIÓN | |
| Ubicación | ES-MaACL |
| Número de control de estantería | T-85-F-4 |
| Nota libre | - Enc. hol., falto de la enc. original |
| Estatus retirado | Estado de pérdida | Estado de daño | No para préstamo | Colección | Biblioteca de origen | Biblioteca actual | Ubicación en estantería | Fecha de adquisición | Total de préstamos | Signatura topográfica completa | Código de barras | Visto por última vez | Precio de reemplazo | Tipo de ítem Koha |
|---|---|---|---|---|---|---|---|---|---|---|---|---|---|---|
| Colección de folletos | Biblioteca del Ateneo de Madrid | Biblioteca del Ateneo de Madrid | Depósito folletos | 17/01/2008 | T-85-F-4 | 1174895 | 23/02/2023 | 23/02/2023 | Folleto |
